Netizen and internet governance

Netizen = internet + občan (sieťoobčan). Netizens hrajú významnú úlohu v spolupráci s vládou, medzinárodnými organizáciami, podnikovým sektorom a spoločenstvom. Možnosti vytvorenia, pre netizens, verejnej participácie na internetovej správe, kontrole, čo je vedľajším účinkom internetového vládnutia.

Guardado en:
Detalles Bibliográficos
Autor principal: Song, Sunghee
Formato: Capítulo de libro
Lenguaje:eslovaco
Materias:
Etiquetas: Agregar Etiqueta
Sin Etiquetas, Sea el primero en etiquetar este registro!

MARC

LEADER 00000naa$a2200000$$$4500
001 0053062
005 20240502071619.4
041 0 |a slo 
044 |a SK 
245 1 0 |a Netizen and internet governance  |c Sunghee Song 
520 |a Netizen = internet + občan (sieťoobčan). Netizens hrajú významnú úlohu v spolupráci s vládou, medzinárodnými organizáciami, podnikovým sektorom a spoločenstvom. Možnosti vytvorenia, pre netizens, verejnej participácie na internetovej správe, kontrole, čo je vedľajším účinkom internetového vládnutia. 
610 2 0 |a internet 
610 2 0 |a občania 
610 2 0 |a vláda 
610 2 0 |a správa štátna 
610 2 0 |a správa verejná 
100 1 |a Song, Sunghee